Superando el paradigma neoliberal: desarrollo popular sustentable

保存先:
書誌詳細
第一著者: Barkin, David
フォーマット: 不明
出版事項: Buenos Aires: CLACSO. ASDI
主題:
タグ: タグ追加
タグなし, このレコードへの初めてのタグを付けませんか!

MARC

LEADER 00000 a2200000 04500
001 19298
003 cru CIDCACS/IIS
005 20180823163302.0
008 991231s2001 Ag d
999 |c 16041  |d 16041 
040 |c cru CIDCACS/IIS 
090 |a 07.07.01 G435n 
100 1 |a Barkin, David  |9 7527 
245 |a Superando el paradigma neoliberal:  |b desarrollo popular sustentable  |c David Barkin 
260 |a Buenos Aires:   |b CLACSO. ASDI  
300 |a 81-99 páginas 
650 |a ZONAS RURALES  
650 |a SECTOR AGROPECUARIO  
650 |a DESARROLLO AGROPECUARIO  
942 |2 ddc  |c LI